[Event "ICS Rated blitz match"]
[Site "207.99.83.227"]
[Date "1999.03.31"]
[Round "?"]
[White "Hossa"]
[Black "WhiteHorse"]
[Result "1-0"]
[WhiteElo "2461"]
[BlackElo "2438"]
[PlyCount "77"]

1. e4 e5 2. Nf3 d6 3. d4 exd4 4. Nxd4 Nf6 5. Bb5+ c6 6. Bd3 Nbd7 7. Bf4 Nc5 8.
Nc3 Nxd3+ 9. Qxd3 Be6 10. O-O-O d5 11. exd5 Nxd5 12. Nxe6 fxe6 13. Qh3 Qd7 14.
Nxd5 cxd5 15. Rhe1 Kf7 16. Qh5+ g6 17. Qf3 Kg8 18. Qe3 Re8 19. Qxa7 Bg7 20. Qa5
h6 21. Be5 Kh7 22. Bxg7 Qxg7 23. Qb6 Qf7 24. f3 Re7 25. Qd6 Rhe8 26. Qe5 b5 27.
Kb1 b4 28. Rd4 Rb7 29. Rxd5 Rc7 30. Rd6 Rce7 31. Rb6 b3 32. cxb3 Kg8 33. Ka1
Rc7 34. a3 Rce7 35. b4 Rc7 36. Qe3 Kh7 37. Rxe6 Rxe6 38. Qxe6 Rc1+ 39. Ka2 {
WhiteHorse resigns} 1-0

[Event "ICS Rated blitz match"]
[Site "207.99.83.227"]
[Date "1999.03.31"]
[Round "?"]
[White "Hossa"]
[Black "Amateur"]
[Result "1/2-1/2"]
[WhiteElo "2476"]
[BlackElo "2422"]
[PlyCount "167"]

1. e4 e5 2. Nf3 Nc6 3. Bb5 a6 4. Ba4 Nf6 5. Qe2 Be7 6. Bxc6 dxc6 7. Nxe5 Qd4 8.
Nf3 Qxe4 9. Qxe4 Nxe4 10. O-O Be6 11. Re1 Ng5 12. Ne5 Bf5 13. d3 Ne6 14. a4 Rd8
15. Nc4 O-O 16. Ne3 Bg6 17. Nc3 Rfe8 18. Bd2 Nd4 19. Rad1 Bg5 20. Rc1 Re5 21.
Ne2 Nxe2+ 22. Rxe2 Rde8 23. Rf1 R5e6 24. b3 Bh5 25. Ree1 b5 26. axb5 cxb5 27.
Ra1 Bf6 28. Ra5 Be5 29. Nd5 c5 30. Bf4 Be2 31. Re1 Bxd3 32. Rxe5 Rxe5 33. Bxe5
Rxe5 34. Ne3 Be2 35. Rxa6 f5 36. g3 b4 37. Rb6 Bf3 38. h3 Kf7 39. Kh2 g5 40. h4
gxh4 41. gxh4 f4 42. Ng2 Be4 43. Nxf4 Bxc2 44. Rb7+ Ke8 45. Rg7 Bxb3 46. Rxh7
Rf5 47. Kg3 Bd5 48. Kg4 Be4 49. Rh8+ Rf8 50. Rxf8+ Kxf8 51. Ne6+ Ke7 52. Nxc5
Bc2 53. Kf4 Kd6 54. Ne4+ Kd5 55. Nd2 Ke6 56. Nc4 b3 57. h5 Kf6 58. Nb2 Kg7 59.
Kg5 Kh7 60. f4 Be4 61. f5 Kg7 62. f6+ Kf7 63. h6 Bc2 64. Nc4 Ke6 65. f7 Kxf7
66. Nb2 Kg8 67. Kh4 Be4 68. Kg4 Kh7 69. Kg5 Bb7 70. Nd3 Ba6 71. Nb2 Bb5 72. Kh5
Bf1 73. Na4 Bg2 74. Kg5 Bc6 75. Nb2 Bd5 76. Nd1 Bg2 77. Nb2 Bc6 78. Nc4 Bf3 79.
Kf4 Bd5 80. Nd2 b2 81. Ke5 Ba2 82. Kd4 Kxh6 83. Kc3 b1=Q 84. Nxb1 {
Game drawn because neither player has mating material} 1/2-1/2

[Event "ICS Rated blitz match"]
[Site "207.99.83.227"]
[Date "1999.03.31"]
[Round "?"]
[White "WhiteHorse"]
[Black "Hossa"]
[Result "1-0"]
[WhiteElo "2442"]
[BlackElo "2474"]
[Annotator "Crafty v16.6"]
[PlyCount "62"]

{annotating for player Hossa using a scoring margin of +0.10 pawns. search
time limit is 12.00} 1. d4 1... Nf6 2. c3 e6 3. e3 d5 4. Bd3 Nc6 ({8:-0.24} 
4... Nc6 5. Nf3 Bd6 6. O-O O-O 7. Nbd2 e5 8. Re1 exd4 9. exd4 $10) ({8:-0.03} 
4... Bd6 5. Nf3 O-O 6. O-O c5 7. Nbd2 cxd4 8. cxd4 8... Nc6 $10) 5. f4 Bd7 6.
Nf3 Qe7 7. b4 O-O-O 8. a4 Qe8 ({8:+0.02} 8... Qe8 9. a5 Nb8 10. a6 Nxa6 11. Qe2
Ne4 12. Bxa6 bxa6 13. Qxa6+ $10) ({8:+0.13} 8... Ne4 9. a5 a6 10. b5 Nb8 11.
Ba3 Qf6 12. Bxf8 Rhxf8 13. bxa6 Nxa6 14. Bxe4 14... dxe4 $10) 9. Nbd2 Ne7 10.
b5 Nf5 11. Qe2 Ng4 12. Nb3 Bd6 ({7:-0.17} 12... Bd6 13. a5 Nf6 14. a6 Ne4 15.
axb7+ Kxb7 16. Bb2 Kb8 17. Bxe4 17... dxe4 $10) ({7:+0.19} 12... Nd6 13. Nc5
Be7 14. Nxd7 Qxd7 15. Nd2 f5 16. O-O $10) 13. Ne5 Nf6 ({8:-0.69} 13... Nf6 14.
Nxd7 Nxd7 15. a5 Qe7 16. a6 Qh4+ 17. Qf2 Qxf2+ 18. Kxf2 bxa6 19. Rxa6 19... Kb8
$14) ({8:-0.06} 13... Nxe5 14. fxe5 Be7 15. Qf3 Nh4 16. Qg4 Rg8 17. Nc5 Kb8 18.
Nxd7+ 18... Qxd7 $10) 14. a5 Ne4 ({8:-0.98} 14... Ne4 15. Bxe4 dxe4 16. Nxd7
Qxd7 17. a6 Qe7 18. axb7+ Kxb7 19. Na5+ Ka8 20. Nc6 Qh4+ 21. g3 $16) ({8:-0.65
} 14... Bxe5 15. fxe5 Ne4 16. Bxe4 dxe4 17. a6 Bxb5 18. axb7+ Kxb7 19. Nc5+ Ka8
20. Qc2 Qc6 21. Nxe4 $14) 15. b6 cxb6 16. axb6 a6 17. Bxa6 Bxe5 18. Bxb7+ Kxb7
19. Qa6+ Kc6 20. fxe5 Bc8 21. b7+ Kd7 22. Qb5+ Ke7 23. Ba3+ Nfd6 24. exd6+ Nxd6
25. Qxe8+ Kxe8 26. b8=Q Bb7 27. Qc7 Rd7 28. Qxd6 Rxd6 29. Bxd6 Kd7 30. Nc5+
Kxd6 31. Nxb7+ Kc6 1-0

[Event "ICS Rated blitz match"]
[Site "207.99.83.227"]
[Date "1999.03.31"]
[Round "?"]
[White "Amateur"]
[Black "Hossa"]
[Result "1/2-1/2"]
[WhiteElo "2424"]
[BlackElo "2457"]
[PlyCount "135"]

1. e4 e5 2. Nf3 Nc6 3. Bb5 a6 4. Ba4 Nf6 5. O-O b5 6. Bb3 Bc5 7. d3 O-O 8. Nc3
Bb7 9. Nd5 Be7 10. Nxe7+ Qxe7 11. Qe1 Rae8 12. Bg5 Rc8 13. a4 Ra8 14. Bh4 d6
15. Bd5 Rac8 16. Qc3 Qd7 17. axb5 axb5 18. Bxf6 gxf6 19. Ra2 Ra8 20. Rfa1 Rxa2
21. Rxa2 Ra8 22. Rxa8+ Bxa8 23. Qb3 Na5 24. Qa2 Bxd5 25. exd5 Nb7 26. Qa8+ Nd8
27. c4 bxc4 28. dxc4 h5 29. b4 f5 30. Ne1 Kh7 31. Nd3 f4 32. f3 f5 33. Nf2 Kg6
34. Qa7 Nf7 35. Nd3 Ng5 36. Qa8 Kg7 37. Qa1 Kh7 38. Qb1 Qg7 39. Kh1 Nf7 40. Qe1
Qg5 41. Nf2 Qh4 42. c5 Qd8 43. Qb1 Kg6 44. Qa2 h4 45. Nd3 Kh5 46. cxd6 Qxd6 47.
h3 Qe7 48. Qa6 Nd6 49. Qa3 Kg5 50. Qc1 Nb7 51. Qd2 Nd8 52. Nc5 Qd6 53. Qd3 Kf6
54. Qc4 Ke7 55. b5 Qb6 56. Na6 Kd7 57. Qc2 e4 58. fxe4 fxe4 59. Qxe4 Qf6 60.
Qa4 Qe5 61. b6+ c6 62. dxc6+ Nxc6 63. b7 Qe1+ 64. Kh2 Qg3+ 65. Kg1 Qe1+ 66. Kh2
Qg3+ 67. Kh1 Qe1+ 68. Kh2 {Game drawn by repetition} 1/2-1/2

[Event "ICS Rated blitz match"]
[Site "207.99.83.227"]
[Date "1999.03.31"]
[Round "?"]
[White "rajah"]
[Black "Hossa"]
[Result "1-0"]
[WhiteElo "2556"]
[BlackElo "2433"]
[Annotator "Crafty v16.6"]
[PlyCount "147"]

{annotating for player Hossa using a scoring margin of +0.10 pawns. search
time limit is 12.00} 1. e4 1... d6 2. d4 Nf6 3. Nc3 Nbd7 4. f4 e6 5. Nf3 Be7 6.
Bd3 O-O 7. O-O b6 ({8:+0.02} 7... b6 8. e5 Nd5 9. Nxd5 exd5 10. Be3 Re8 11. Qe2
dxe5 12. fxe5 $10) ({8:+0.38} 7... e5 8. Be2 exd4 9. Qxd4 Nb6 10. Nd5 Nfxd5 11.
exd5 Bf5 12. Bd3 $15) 8. e5 Ne8 ({8:-0.41} 8... Ne8 9. Ng5 Bxg5 10. fxg5 dxe5
11. dxe5 Bb7 12. Qh5 g6 13. Qe2 $14) ({8:-0.18} 8... Nd5 9. Nxd5 exd5 10. Qe2
dxe5 11. fxe5 Nb8 12. Bf4 Bg4 13. Rae1 $10) 9. Be3 c5 ({8:-0.20} 9... c5 10. d5
Bb7 11. dxe6 fxe6 12. Ne4 dxe5 13. Nxe5 Nxe5 14. fxe5 14... Qd5 $10) ({8:-0.01
} 9... Bb7 10. Bc4 d5 11. Bb5 c5 12. Ng5 cxd4 13. Qxd4 13... Rc8 $10) 10. dxc5
Nxc5 11. Bxc5 bxc5 12. exd6 Nxd6 13. Rf2 Rb8 14. Rb1 Rb4 ({8:+0.00} 14... Rb4
15. Ne5 Bb7 16. Qh5 h6 17. a3 Rd4 18. Rd1 $10) ({8:+0.40} 14... c4 15. Be2 Qb6
16. Ne5 Qc5 17. Na4 Qd5 18. Qxd5 18... exd5 $15) 15. Ne5 Qb6 ({8:-0.17} 15...
Qb6 16. b3 g6 17. Qg4 Qd8 18. Rd2 Rd4 19. Rbd1 $10) ({8:-0.01} 15... Bb7 16.
Qh5 h6 17. a3 Rd4 18. Ne2 Ne4 19. Nxd4 19... Nxf2 $10) 16. b3 Rd4 17. Qh5 h6
18. Ne2 Ra4 19. Ra1 Ra3 20. Ng3 Bf6 21. c4 Qa6 22. Rb2 Bb7 23. Qe2 Rd8 24. Nh5
Ne8 25. Rd1 Bxe5 26. Qxe5 Qa5 27. b4 Rdxd3 28. bxa5 Rxd1+ 29. Kf2 Ba6 30. Qxc5
Rad3 31. Qc6 Nd6 32. Qa8+ Nc8 33. a4 R3d2+ 34. Rxd2 Rxd2+ 35. Ke1 Rd6 36. Ng3
Kh8 37. Ne4 Rd4 38. Nc5 Rxf4 39. Nxa6 Rxc4 40. Qb7 Kh7 41. Qd7 Rc1+ 42. Kd2 Rg1
43. g3 Rg2+ 44. Kc3 Rg1 45. Nc5 Rc1+ 46. Kb4 Nb6 47. axb6 axb6 48. Nd3 Rd1 49.
Kc3 Ra1 50. h4 Ra2 51. Qxf7 Ra3+ 52. Kc2 Rxa4 53. Qxe6 b5 54. Qf5+ Kh8 55. Qxb5
Ra2+ 56. Kc3 Ra8 57. h5 Rc8+ 58. Kb3 Rf8 59. Ne5 Kh7 60. Qd3+ Kg8 61. Qd5+ Kh7
62. g4 Rb8+ 63. Kc3 Rc8+ 64. Kd2 Rf8 65. Ke3 Re8 66. Qd6 Kh8 67. g5 hxg5 68. h6
Rc8 69. hxg7+ Kg8 70. Qe6+ Kh7 71. Qg6+ Kg8 72. Qf7+ Kh7 73. g8=Q+ Kh6 74.
Qgg6# 1-0

[Event "ICS Rated blitz match"]
[Site "207.99.83.227"]
[Date "1999.03.31"]
[Round "?"]
[White "Hossa"]
[Black "rajah"]
[Result "1-0"]
[WhiteElo "2422"]
[BlackElo "2567"]
[PlyCount "147"]

1. e4 c5 2. Bc4 e6 3. Nc3 a6 4. a4 Nf6 5. e5 d5 6. exd6 Bxd6 7. Nf3 O-O 8. O-O
Nc6 9. d3 Bd7 10. Bg5 Be7 11. Qe2 Nd4 12. Nxd4 cxd4 13. Bxf6 Bxf6 14. Ne4 Be7
15. Qh5 f5 16. Ng3 Rc8 17. Rae1 f4 18. Ne4 Kh8 19. c3 Rf5 20. Qh3 Qb6 21. cxd4
Qxd4 22. Nc3 Qf6 23. Qf3 Rc7 24. Re2 Qh6 25. Bb3 Bc5 26. Ne4 Rh5 27. h3 Bd4 28.
Rfe1 Ra5 29. Nd2 Bxb2 30. Nc4 Bc3 31. Nxa5 Bxa5 32. Rxe6 Bxe6 33. Rxe6 Rc1+ 34.
Kh2 Qxe6 35. Bxe6 Rc6 36. Qh5 Rxe6 37. Qf7 h6 38. Qxe6 b6 39. Qc8+ Kh7 40. Qf5+
Kg8 41. Qxf4 b5 42. axb5 axb5 43. Qb8+ Kh7 44. Qxb5 Bd2 45. d4 Kg8 46. d5 Kf8
47. Qc5+ Ke8 48. d6 Bf4+ 49. Kg1 Bg5 50. Qc6+ Kf7 51. h4 Bf6 52. Qd7+ Kf8 53.
Qe6 Bxh4 54. Qc8+ Kf7 55. Qc4+ Ke8 56. Qxh4 g5 57. Qxh6 Kd7 58. Qxg5 Kxd6 59.
Qd5+ Kxd5 60. Kh2 Ke6 61. Kg3 Ke5 62. Kg4 Kd5 63. Kf5 Kd6 64. g4 Kc7 65. g5 Kb8
66. g6 Ka7 67. g7 Kb6 68. Ke5 Ka5 69. g8=Q Kb5 70. Kd5 Kb4 71. Qg3 Kb5 72. Qb3+
Ka5 73. Kc6 Ka6 74. Qa3# {rajah checkmated} 1-0

[Event "ICS Rated blitz match"]
[Site "207.99.83.227"]
[Date "1999.03.31"]
[Round "?"]
[White "Hossa"]
[Black "TDChess"]
[Result "1/2-1/2"]
[WhiteElo "2444"]
[BlackElo "2570"]
[PlyCount "192"]

1. e4 e6 2. d4 d5 3. Nd2 f5 4. exf5 exf5 5. Bd3 Nf6 6. Ne2 Bb4 7. c3 Bd6 8. Qc2
Qd7 9. O-O O-O 10. Nf3 Re8 11. Bd2 Nc6 12. Rae1 Ne4 13. Bb5 Nxd2 14. Qxd2 Qf7
15. Nf4 Re4 16. Nd3 Bd7 17. Bxc6 Bxc6 18. Nde5 Qe8 19. Ng5 Rxe1 20. Rxe1 Bb5
21. Qd1 h6 22. Nh3 Qf8 23. Nf4 c6 24. Nfg6 Qf6 25. Qh5 Kh7 26. Nh4 f4 27. Nd7
Qg5 28. Qxg5 hxg5 29. Nf3 g4 30. Ng5+ Kg6 31. Re6+ Kxg5 32. Rxd6 Rd8 33. Ne5
Rxd6 34. Nf7+ Kf6 35. Nxd6 Ba6 36. Nc8 Ke6 37. Nxa7 Kd7 38. a4 Kc7 39. h3 gxh3
40. b4 b5 41. a5 Kb7 42. Nxc6 Kxc6 43. gxh3 g5 44. Kg2 Bc8 45. Kh2 Kb7 46. f3
Ka6 47. Kg2 Bf5 48. Kh2 Ka7 49. Kg2 Ka8 50. Kh2 Kb7 51. Kg2 Ka7 52. Kh2 Ka6 53.
Kg2 Kb7 54. Kh2 Kb8 55. Kg2 Kc7 56. Kh2 Bc8 57. Kg2 Kc6 58. Kh2 Kb7 59. Kg2 Ka6
60. Kh2 Be6 61. Kg2 Ka7 62. Kh2 Ka8 63. Kg2 Kb7 64. Kh2 Bd7 65. Kg2 Ka6 66. Kh2
Ka7 67. Kg2 Ka8 68. Kh2 Bf5 69. Kg2 Kb8 70. Kh2 Kc7 71. Kg2 Kc6 72. Kh2 Be6 73.
Kg2 Kc7 74. Kh2 Kb7 75. Kg2 Ka8 76. Kh2 Ka7 77. Kg2 Bc8 78. Kh2 Kb8 79. Kg2 Ka8
80. Kh2 Bd7 81. Kg2 Ka7 82. Kh2 Kb8 83. Kg2 Kc7 84. Kh2 Be6 85. Kg2 Kb8 86. Kh2
Kc8 87. Kg2 Bf5 88. Kh2 Bd7 89. Kg2 Kb7 90. Kh2 Kc7 91. Kg2 Kc6 92. Kh2 Kd6 93.
Kg2 Bc8 94. Kh2 Kc6 95. Kg2 Be6 96. Kh2 96... Kb7 {
Game drawn by the 50 move rule} 1/2-1/2

[Event "ICS Rated blitz match"]
[Site "207.99.83.227"]
[Date "1999.03.31"]
[Round "?"]
[White "Hossa"]
[Black "franco"]
[Result "1-0"]
[WhiteElo "2454"]
[BlackElo "2189"]
[PlyCount "89"]

1. e4 c5 2. Bc4 e6 3. Nc3 Nc6 4. Nf3 d6 5. d4 cxd4 6. Nxd4 a6 7. O-O Qc7 8.
Nxc6 bxc6 9. Be3 Nf6 10. Na4 Rb8 11. f3 Be7 12. Qe2 a5 13. Qf2 c5 14. b3 O-O
15. Rad1 Bd7 16. Nc3 Bc6 17. a4 Rfd8 18. Nb5 Qb7 19. Bf4 e5 20. Bg5 Ne8 21. Bd2
Ra8 22. Qg3 Bf8 23. Nc3 Nc7 24. Bg5 Rd7 25. Rd3 Re8 26. Rfd1 Na6 27. Nd5 Bxd5
28. Bxd5 Qc7 29. c3 Rb8 30. Qg4 c4 31. Bxc4 Nc5 32. Re3 Nxb3 33. Bb5 Rxb5 34.
axb5 a4 35. c4 Na5 36. c5 Qxc5 37. Qxd7 Nc4 38. Rc1 h6 39. Rxc4 Qxc4 40. Bh4 a3
41. Bf2 a2 42. Re1 Qc3 43. Qa7 d5 44. Qxa2 Bc5 45. Rf1 {franco resigns} 1-0

[Event "ICS Rated blitz match"]
[Site "207.99.83.227"]
[Date "1999.03.31"]
[Round "?"]
[White "rajah"]
[Black "Hossa"]
[Result "1-0"]
[WhiteElo "2545"]
[BlackElo "2461"]
[PlyCount "61"]

1. d4 Nf6 2. c4 g6 3. Nc3 Bg7 4. e4 d6 5. f4 O-O 6. Nf3 c5 7. d5 e6 8. dxe6
Bxe6 9. Bd3 Ng4 10. Ng5 Bxc3+ 11. bxc3 Nf6 12. O-O Nc6 13. Nxe6 fxe6 14. f5
gxf5 15. exf5 e5 16. g4 Qa5 17. Bh6 Rf7 18. g5 Ne8 19. Be4 Kh8 20. Qh5 Qc7 21.
f6 Nxf6 22. gxf6 Rg8+ 23. Kh1 d5 24. Bg7+ Rfxg7 25. fxg7+ Qxg7 26. cxd5 Nd8 27.
Rg1 Nf7 28. Rxg7 Rxg7 29. Rf1 Kg8 30. d6 Nxd6 31. Bd5+ {Hossa resigns} 1-0

[Event "ICS rated blitz match"]
[Site "207.99.83.227"]
[Date "1999.03.31"]
[Round "?"]
[White "Hossa"]
[Black "rajah"]
[Result "0-1"]
[WhiteElo "2449"]
[BlackElo "2557"]
[PlyCount "90"]

1. e4 c6 2. Nc3 d5 3. exd5 cxd5 4. Bb5+ Bd7 5. Nf3 Nf6 6. O-O e6 7. Ne5 Bb4 8.
Nxd7 Nbxd7 9. a3 Bxc3 10. dxc3 a6 11. Bd3 O-O 12. Re1 Qb6 13. Rb1 Qd6 14. Bg5
Rac8 15. Qe2 Rfd8 16. Qe3 Re8 17. Rbd1 Rc6 18. Bxf6 Nxf6 19. c4 d4 20. Qf3 e5
21. c3 Re7 22. Qg3 g6 23. Bf1 Nh5 24. Qg4 f5 25. Qh4 Rd7 26. cxd4 exd4 27. Re8+
Kf7 28. Rh8 Kg7 29. Ra8 Rb6 30. b4 Qf6 31. Qh3 Qe5 32. c5 Nf4 33. Qf3 Rf6 34.
Bc4 h5 35. Kh1 Qe4 36. Rg8+ Kh7 37. Qg3 d3 38. Bb3 d2 39. f3 Qd3 40. Ba4 Qxa3
41. Bc2 Re6 42. Rb8 Qc1 43. h3 Qxc2 44. Rxd2 Qxd2 45. c6 45... Re1+ {
Hossa resigns} 0-1

[Event "ICS rated blitz match"]
[Site "207.99.83.227"]
[Date "1999.03.31"]
[Round "?"]
[White "rajah"]
[Black "Hossa"]
[Result "1-0"]
[WhiteElo "2568"]
[BlackElo "2438"]
[Annotator "Crafty v16.6"]
[PlyCount "80"]

{annotating for player Hossa using a scoring margin of +0.10 pawns. search
time limit is 12.00} 1. e4 1... d6 2. d4 Nf6 3. Nc3 Nbd7 4. f4 e6 5. Nf3 Be7 6.
Bd3 O-O 7. O-O e5 8. Be2 exd4 9. Nxd4 Nc5 10. Bf3 Ne6 ({8:-0.16} 10... Ne6 11.
Nxe6 fxe6 12. Be3 Nd7 13. Qd2 Nc5 14. Rad1 Bh4 15. Bxc5 15... dxc5 $10) ({
8:+0.30} 10... Qd7 11. Re1 Re8 12. Nf5 Bd8 13. Qd4 Ne6 14. Qd3 $10) 11. Be3
Nxd4 12. Qxd4 Ng4 13. Nd5 c6 ({9:+0.05} 13... c6 14. Nxe7+ Qxe7 15. Bd2 c5 16.
Qd5 Be6 17. Qg5 Qxg5 18. fxg5 Rae8 19. Rad1 $10) ({9:+0.51} 13... Nxe3 14. Qxe3
Bh4 15. Rad1 c6 16. Nc3 Be6 17. Qd4 Bf6 18. Qxd6 Bxc3 19. bxc3 19... Bxa2 $15)
14. Nxe7+ Qxe7 15. Bd2 Qd8 ({9:-0.68} 15... Qd8 16. Bc3 Qb6 17. Qxb6 axb6 18.
Rfd1 Ne3 19. Rxd6 Nxc2 20. Rc1 $14) ({9:+0.03} 15... c5 16. Qd3 Rd8 17. Ba5 b6
18. Be1 Be6 19. Rd1 19... Rac8 $10) 16. Bc3 Qb6 17. Qxb6 axb6 18. Rfd1 Ne3 19.
Rxd6 Nxc2 20. Rc1 Ne3 21. Bd4 Ng4 22. a3 c5 23. h3 Nh6 24. Be3 Ra6 25. Be2 Ra4
26. Bd3 Ra8 27. Rxb6 Rd8 28. Rc3 c4 29. Bxc4 Rd1+ 30. Kh2 Rd8 31. f5 Re8 32.
Bxh6 gxh6 33. Bd5 Re7 34. Rg3+ Kh8 35. Rxh6 Re5 36. Bxf7 Bxf5 37. exf5 Rf8 38.
Bg6 Re7 39. Rg4 Rd7 40. Rgh4 Kg8 1-0

[Event "ICS Rated blitz match"]
[Site "207.99.83.227"]
[Date "1999.03.31"]
[Round "?"]
[White "Data"]
[Black "Hossa"]
[Result "1-0"]
[WhiteElo "2763"]
[BlackElo "2418"]
[Annotator "Crafty v16.6"]
[PlyCount "166"]

{annotating for player Hossa using a scoring margin of +0.10 pawns. search
time limit is 12.00} 1. e4 1... d6 2. d4 Nf6 3. Nc3 Nbd7 4. f4 e6 5. Bd2 c5 6.
dxc5 Nxc5 7. Bb5+ Ncd7 ({9:-0.23} 7... Ncd7 8. Qf3 a6 9. Ba4 b5 10. e5 Nb6 11.
exf6 bxa4 12. fxg7 12... Bxg7 $10) ({9:-0.06} 7... Bd7 8. Qe2 Be7 9. b4 Na6 10.
Bxa6 bxa6 11. e5 dxe5 12. fxe5 12... Ng8 $10) 8. Qf3 a6 9. Ba4 Qc7 10. f5 b5
11. Bb3 Ne5 ({8:+0.21} 11... Ne5 12. Qf4 exf5 13. exf5 Bb7 14. Qg5 h6 15. Qg3
Ne4 16. Nxe4 16... Bxe4 $10) ({8:+0.34} 11... Nc5 12. fxe6 fxe6 13. Bg5 Be7 14.
Nge2 O-O 15. Nf4 Nxb3 16. axb3 $15) 12. Qe2 exf5 13. Nd5 Nxd5 14. Bxd5 Rb8 15.
O-O-O Be7 16. Nf3 O-O 17. Kb1 fxe4 18. Nxe5 dxe5 19. Qxe4 Bb7 20. Bxb7 Rxb7 21.
Ba5 Qb8 22. Rhe1 f6 23. Qd5+ Kh8 24. Rd2 Rc8 25. Red1 Qa8 26. Qe6 Bf8 27. Bd8
h6 28. Rd5 b4 29. R1d2 Ra7 30. Qe8 Kg8 31. Qg6 Qc6 32. Qf5 Bc5 33. Ba5 Rb7 34.
Qf3 Be7 35. Bd8 Qc4 36. Bxe7 Rxe7 37. Qf5 Kh8 38. Qg6 Qc7 39. Qe4 Qb8 40. Rd1
Rb7 41. R1d2 Ra7 42. h4 a5 43. Qf5 a4 44. g4 Rac7 45. g5 b3 46. gxf6 bxc2+ 47.
Rxc2 Rxc2 48. fxg7+ Kg8 49. Qe6+ Kh7 50. g8=Q+ Rxg8 51. Qf5+ Rg6 52. Kxc2 Qe8
53. Rxe5 Qc6+ 54. Rc5 Qg2+ 55. Kb1 Kh8 56. Qf8+ Kh7 57. Rc7+ Rg7 58. Rxg7+ Qxg7
59. Qxg7+ Kxg7 60. b4 Kf6 61. b5 Ke6 62. b6 Kd6 63. b7 Kc7 64. b8=Q+ Kxb8 65.
Kb2 Kc7 66. Ka3 Kd6 67. Kxa4 Kc5 68. Kb3 Kd5 69. a4 h5 70. Kc3 Kc5 71. Kd3 Kb4
72. Ke4 Ka5 73. Kf5 Kb4 74. Kg6 Kxa4 75. Kxh5 Kb4 76. Kg4 Kc4 77. h5 Kd4 78. h6
Ke4 79. h7 Ke5 80. h8=Q+ Ke6 81. Qd4 Kf7 82. Qd7+ Kg6 83. Qe7 Kh6 1-0

[Event "ICS Rated blitz match"]
[Site "207.99.83.227"]
[Date "1999.03.31"]
[Round "?"]
[White "ColonialPast"]
[Black "Hossa"]
[Result "0-1"]
[WhiteElo "2045"]
[BlackElo "2420"]
[PlyCount "92"]

1. e4 e5 2. Nf3 Nc6 3. Bb5 a6 4. Ba4 Nf6 5. O-O Be7 6. Bxc6 dxc6 7. d3 Bg4 8.
h3 Bxf3 9. Qxf3 O-O 10. Be3 Qd7 11. Nd2 Qe6 12. Rfd1 Rad8 13. b3 Rd7 14. Nf1
Bb4 15. Ng3 Bc3 16. Rab1 a5 17. Qf5 Qxf5 18. Nxf5 Re8 19. f3 Nh5 20. Kf2 Re6
21. Ng3 Nxg3 22. Kxg3 b6 23. Kf2 Rg6 24. g3 h5 25. f4 exf4 26. gxf4 h4 27. Rg1
Rh6 28. f5 Rh7 29. Rg4 Be5 30. Bf4 Bxf4 31. Rxf4 Rd6 32. Rg4 b5 33. Rbg1 Kf8
34. Ke3 c5 35. a4 b4 36. e5 Rd5 37. Re4 Rh5 38. Rf1 Rg5 39. Rf3 Rg2 40. Rf2 Rg1
41. e6 Rg3+ 42. Rf3 Rxf5 43. Ref4 fxe6 44. Rxf5+ exf5 45. Rxg3 hxg3 46. Kf3
46... f4 {ColonialPast resigns} 0-1

[Event "ICS Rated blitz match"]
[Site "207.99.83.227"]
[Date "1999.03.31"]
[Round "?"]
[White "Hossa"]
[Black "ColonialPast"]
[Result "1-0"]
[WhiteElo "2423"]
[BlackElo "2042"]
[PlyCount "46"]

1. e4 c6 2. Nc3 d5 3. exd5 cxd5 4. Nf3 Nf6 5. Bb5+ Nc6 6. O-O e6 7. Ne5 Bd7 8.
Nxd7 Qxd7 9. Re1 a6 10. Bxc6 bxc6 11. d3 Rb8 12. Qe2 Bd6 13. d4 O-O 14. Qxa6 c5
15. dxc5 Bxc5 16. Qd3 Rfc8 17. a3 Qa7 18. Rf1 Qc7 19. Qe2 e5 20. Bg5 Qd6 21.
Bxf6 gxf6 22. Rad1 Rxb2 23. Qg4+ 23... Kf8 {ColonialPast resigns} 1-0

[Event "ICS Rated blitz match"]
[Site "207.99.83.227"]
[Date "1999.03.31"]
[Round "?"]
[White "ColonialPast"]
[Black "Hossa"]
[Result "1-0"]
[WhiteElo "2039"]
[BlackElo "2426"]
[Annotator "Crafty v16.6"]
[PlyCount "133"]

{annotating for player Hossa using a scoring margin of +0.10 pawns. search
time limit is 12.00} 1. e4 1... c5 2. Nf3 Nc6 3. d4 cxd4 4. Nxd4 Qb6 5. Nxc6
Qxc6 6. Bd3 Nf6 7. Qe2 e5 8. O-O Bc5 9. b3 Bd4 ({9:-0.30} 9... Bd4 10. c3 Bc5
11. b4 Be7 12. b5 Qe6 13. Bc4 13... Qg4 $10) ({9:-0.05} 9... O-O 10. Bg5 Bd4
11. c3 Bxc3 12. Nxc3 Qxc3 13. Bxf6 gxf6 14. Qg4+ Kh8 15. Qf3 15... Kg8 $10) 10.
c3 Bxc3 ({9:-0.50} 10... Bxc3 11. Nxc3 Qxc3 12. Be3 Qc6 13. Rac1 Qe6 14. Bc5
Qg4 15. Qe3 $14) ({9:-0.26} 10... Bc5 11. Qf3 O-O 12. Bg5 Rd8 13. Rd1 Qe6 14.
Nd2 d5 15. Bxf6 Qxf6 16. Qxf6 16... gxf6 $10) 11. Nxc3 Qxc3 12. Bb2 Qc5 13.
Rac1 Qd6 14. f4 exf4 15. e5 Qb6+ 16. Kh1 Nd5 17. Ba3 Qe3 18. Qc2 Kd8 19. Be4
Nc3 20. Rfe1 Qd4 21. Qxc3 Qxc3 22. Rxc3 h5 23. Rd3 Ke8 24. Red1 Rh6 25. Bf5 d5
26. Bxc8 Rxc8 27. Rxd5 Ra6 28. Bc1 Rxa2 29. Bxf4 Kf8 30. h4 Rb2 31. Rd8+ Rxd8
32. Rxd8+ Ke7 33. Rd3 a5 34. Bd2 Ra2 35. Bc3 a4 36. bxa4 Rxa4 37. Rd4 b5 38.
Rxa4 bxa4 39. Kg1 Ke6 40. Kf2 a3 41. Kf3 Kd5 42. Ke3 Kc4 43. Bd4 g6 44. Ke4 Kb4
45. g3 Kc4 46. Ba1 Kb3 47. Kd5 Ka2 48. Bd4 Kb3 49. Kd6 Kc4 50. Ba1 Kb3 51. Ke7
Ka2 52. Bd4 Kb3 53. Kxf7 Kc4 54. Ba1 g5 55. hxg5 Kd3 56. e6 Kc2 57. e7 Kb1 58.
Bd4 Kc2 59. e8=Q Kd3 60. Qe3+ Kc4 61. Ke6 a2 62. Qc3+ Kb5 63. Kd5 a1=Q 64. Qxa1
Kb4 65. Qb2+ Ka5 66. Kc5 Ka4 67. Qb4# 1-0

[Event "ICS Rated blitz match"]
[Site "207.99.83.227"]
[Date "1999.03.31"]
[Round "?"]
[White "Hossa"]
[Black "nimraz"]
[Result "1-0"]
[WhiteElo "2403"]
[BlackElo "2223"]
[PlyCount "75"]

1. e4 c5 2. Bc4 d6 3. Nf3 Nc6 4. O-O g6 5. d4 cxd4 6. Nxd4 Bg7 7. c3 Nf6 8.
Nxc6 bxc6 9. e5 Ng4 10. exd6 Qxd6 11. Qxd6 exd6 12. Re1+ Kf8 13. Na3 Ne5 14.
Bf4 d5 15. Rxe5 dxc4 16. Rc5 Be6 17. Rxc6 Ke7 18. Nxc4 Rhc8 19. Rxc8 Rxc8 20.
Nd2 Rc6 21. Be3 Rc7 22. Ne4 Bf5 23. Nc5 Kd6 24. Rd1+ Kc6 25. Na6 Rb7 26. Nb4+
Kc7 27. Nd5+ Kc6 28. b3 a5 29. c4 Bf8 30. Nf6 a4 31. bxa4 Bc2 32. Rc1 Ba3 33.
Re1 Bxa4 34. Nxh7 Bc2 35. Nf6 Bd6 36. Ne8 Be5 37. f4 Bg7 38. Nxg7 {
nimraz resigns} 1-0